Small construction site safety (Record no. 117410)

MARC details
000 -LEADER
fixed length control field 01130cam a2200241 4500
001 - CONTROL NUMBER
control field WB4020-01
008 - FIXED-LENGTH DATA ELEMENTS--GENERAL INFORMATION
fixed length control field 040527n2004 000 0 eng u
035 ## - SYSTEM CONTROL NUMBER
System control number (Sirsi) u126301
245 ## - TITLE STATEMENT
Title Small construction site safety
260 ## - PUBLICATION, DISTRIBUTION, ETC.
Date of publication, distribution, etc. 2004
490 ## - SERIES STATEMENT
Series statement Contract Journal
Volume/sequential designation 423(6477) 26 May 2004, 4(1)
520 ## - SUMMARY, ETC.
Summary, etc. The European Agency for Safety and Health at Work (EASHW) has issued a fact sheet on improving safety on small construction sites. The EASHW document advises on preparations that a contractor should carry out prior to project commencement, notes key hazards and risks and comments on on-site management and worker consultation issues. It also includes a checklist of preventative steps that can be taken to reduce accidents. The fact sheet is available at http://agency.osha.eu.int/publications/factsheets/ 48/en/index.htm.
590 ## - LOCAL NOTE (RLIN)
Local note WB
590 ## - LOCAL NOTE (RLIN)
Local note WB
650 ## - SUBJECT ADDED ENTRY--TOPICAL TERM
Topical term or geographic name entry element SITE SAFETY
650 ## - SUBJECT ADDED ENTRY--TOPICAL TERM
Topical term or geographic name entry element HAZARDS
650 ## - SUBJECT ADDED ENTRY--TOPICAL TERM
Topical term or geographic name entry element CONSTRUCTION SITES
650 ## - SUBJECT ADDED ENTRY--TOPICAL TERM
Topical term or geographic name entry element RISKS
650 ## - SUBJECT ADDED ENTRY--TOPICAL TERM
Topical term or geographic name entry element ON-SITE MANAGEMENT
650 ## - SUBJECT ADDED ENTRY--TOPICAL TERM
Topical term or geographic name entry element WORKER CONSULTATION
690 ## - LOCAL SUBJECT ADDED ENTRY--TOPICAL TERM (OCLC, RLIN)
Topical term or geographic name as entry element BUILDING AND CONSTRUCTION-HEALTH AND SAFETY
942 ## - ADDED ENTRY ELEMENTS (KOHA)
Suppress in OPAC 0
Holdings
Withdrawn status Lost status Source of classification or shelving scheme Damaged status Not for loan Home library Current library Shelving location Date acquired Total Checkouts Full call number Barcode Date last seen Copy number Price effective from Koha item type
    Dewey Decimal Classification     London London News article 27/05/2004   WB4020-01 126301-1001 06/08/2019 1 06/08/2019 News article